Cefalosporolidy E a F a ich totálna syntéza

Gespeichert in:
Bibliographische Detailangaben
1. Verfasser: Grenčíková, Anna (Verfasst von)
Weitere Verfasser: Babjak, Matej (Betreuung Doktorarbeit)
Format: Manuskript Buch
Sprache:Slowakisch
Veröffentlicht: 2015
Schlagworte:
Online-Zugang:http://is.stuba.sk/zp/portal_zp.pl?podrobnosti=101540
Tags: Tag hinzufügen
Keine Tags, Fügen Sie das erste Tag hinzu!

MARC

LEADER 00000ntm a22000003a 4500
001 stuzp53052
003 SK-STU
005 20160719154349.8
007 ta
008 150427s2015----xo-----f-mn---000-0-slo-d
040 |a STU  |b slo 
041 0 |a slo 
100 1 |a Grenčíková, Anna  |u 048140  |4 aut  |U FCHPT Ústav organickej chémie, katalýzy a petrochémie  |T FCHPT Oddelenie organickej chémie  |X 60968  |U C8140  |Y 124  |7 60968 
242 0 1 |a Cephalosporolide E and F and their total synthesis  |y eng 
245 1 0 |a Cefalosporolidy E a F a ich totálna syntéza 
260 |c 2015 
650 4 |a tozylácia  |2 slo 
650 4 |a cefalosporolid E a F  |2 slo 
650 4 |a paládium  |2 slo 
650 4 |a pentakarbonyl železa  |2 slo 
650 4 |a cephalosporolide E and F  |2 eng 
650 4 |a palladium  |2 eng 
650 4 |a iron pentacarbonyl  |2 eng 
650 4 |a tosylation  |2 eng 
700 1 |a Babjak, Matej  |4 ths  |X 3911  |7 A000003911 
856 4 |u http://is.stuba.sk/zp/portal_zp.pl?podrobnosti=101540 
SQL |a stuzp53052  |b DBP  |c SLO  |d Cefalosporolidy E a F a ich totálna syntéza  |e 60968  |f Grenčíková, Anna  |g 048140  |h 3911  |i Babjak, Matej  |j 20150714  |k 753  |l 04  |m http://is.stuba.sk/zp/portal_zp.pl?podrobnosti=101540  |n B-CHEMAT  |o 4.1.14. chémia, 5.2.18. chemické technológie